| 000 | 00706cam a22002533a 4500 | ||
|---|---|---|---|
| 001 | 9107 | ||
| 003 | PGUSA | ||
| 005 | 20140828083208.0 | ||
| 008 | 051001s2005||||xxu|||||s|||||000 e eng d | ||
| 040 |
_aPGUSA _beng |
||
| 042 | _adc | ||
| 050 | 4 | _aPR | |
| 100 | 1 |
_aEdgeworth, Maria, _d1767-1849 |
|
| 245 | 1 | 0 |
_aTales and Novels — Volume 09 _h[electronic resource] / _cMaria Edgeworth |
| 260 |
_bProject Gutenberg, _c2005 |
||
| 505 | 0 | _aHarrington -- Thoughts on bores -- Ormond. | |
| 506 | _aPublic domain in the USA. | ||
| 516 | _aElectronic text | ||
| 653 | _aEssays | ||
| 653 | _aFiction | ||
| 830 | 0 |
_aProject Gutenberg _v9107 |
|
| 856 | 4 | 0 | _uhttp://www.gutenberg.org/ebooks/9107 |
| 942 | _cEB | ||
| 999 |
_c238391 _d238391 |
||